State of the Bangladesh economy in FY2007-08 and outlook for FY2008-09 / (Record no. 59746)
[ view plain ]
| 000 -LEADER | |
|---|---|
| fixed length control field | 01014nam a2200265 a 4500 |
| 001 - CONTROL NUMBER | |
| control field | 59746 |
| 003 - CONTROL NUMBER IDENTIFIER | |
| rucl marc code | BD-RjUL |
| 005 - DATE AND TIME OF LATEST TRANSACTION | |
| control field | 20211209080750.0 |
| 008 - FIXED-LENGTH DATA ELEMENTS--GENERAL INFORMATION | |
| fixed length control field | 161227s2009 bg a s 000 0 eng |
| 020 ## - INTERNATIONAL STANDARD BOOK NUMBER | |
| International Standard Book Number | 798903712 |
| Terms of availability | : Tk. 350.00 |
| 035 ## - SYSTEM CONTROL NUMBER | |
| System control number | (BD-RjUL) 59870 |
| 040 ## - CATALOGING SOURCE | |
| Original cataloging agency | DLC |
| Transcribing agency | DLC |
| Language of cataloging | eng |
| Modifying agency | BD-RjUL |
| 041 ## - LANGUAGE CODE | |
| Language code of text/sound track or separate title | eng |
| 082 ## - DEWEY DECIMAL CLASSIFICATION NUMBER | |
| Edition number | 23 |
| Classification number | 330.95492 |
| Author mark and year | BAS 2009 |
| 110 ## - MAIN ENTRY--CORPORATE NAME | |
| Corporate name or jurisdiction name as entry element | Centre for Policy Dialogue (Bangladesh) |
| 9 (RLIN) | 171215 |
| 245 10 - TITLE STATEMENT | |
| Title | State of the Bangladesh economy in FY2007-08 and outlook for FY2008-09 / |
| Statement of responsibility, etc. | Centre for Policy Dialogue (Bangladesh) |
| 260 ## - PUBLICATION, DISTRIBUTION, ETC. (IMPRINT) | |
| Place of publication, distribution, etc. | Dhaka : |
| Name of publisher, distributor, etc. | Centre for Policy Dialogue, |
| Date of publication, distribution, etc. | 2009. |
| 300 ## - PHYSICAL DESCRIPTION | |
| Pagination | xxiii,228 p. ; |
| Size | 31 cm. |
| 490 1# - SERIES STATEMENT | |
| Series statement | CPD occasional paper series ; |
| Volume/sequential designation | 70 |
| 500 ## - GENERAL NOTE | |
| General note | Includes statistical tables. |
| 651 #0 - SUBJECT ADDED ENTRY--GEOGRAPHIC NAME | |
| Geographic name | Bangladesh |
| General subdivision | Economic conditions |
| Chronological subdivision | 21st century. |
| 9 (RLIN) | 177769 |
| Geographic name | Bangladesh |
| General subdivision | Economic conditions |
| Chronological subdivision | 21st century |
| Form subdivision | Statistics. |
| 9 (RLIN) | 177770 |
| 830 #0 - SERIES ADDED ENTRY--UNIFORM TITLE | |
| Uniform title | Occasional paper series (Centre for Policy Dialogue (Bangladesh)) ; |
| Volume number/sequential designation | no. 70. |
| 942 ## - ADDED ENTRY ELEMENTS (KOHA) | |
| Source of classification or shelving scheme | Dewey Decimal Classification |
| Koha item type | Books |
| Lost status | Source of classification or shelving scheme | Damaged status | Not for loan | Collection code | Permanent Location | Current Location | Shelving location | Date acquired | Source of acquisition | Cost, normal purchase price | Total Checkouts | Full call number | Date last seen | Copy number | Koha item type |
|---|---|---|---|---|---|---|---|---|---|---|---|---|---|---|---|
| Dewey Decimal Classification | Not For Loan | Non-fiction | Central Library, University of Rajshahi | Central Library, University of Rajshahi | Reading Room | 04/04/2009 | Centre for Policy Dialogue, Dhaka | 350.00 | 330.95492 BAS 2009 | 27/12/2016 | C-1 | Books |